00597nam a2200193Ia 450000500170000000800410001702000150005808200170007310000310009024500490012126000470017030000260021765000150024365000130025865000120027194200060028395200990028999900150038820240822015344.0240331s9999 xx 000 0 und d a9559052454 bJAYa613.042 aJayaweera,S. & Sanmugam,T 0aMaternal & Child Care Roles of Women Workers aColombobCentre for women's Researchc1996 a101 p ., ( Series 10) aChild Care aEconomic aSociety cL 001040708LaWERCLbWERCLcSSCd2024-03-31l0o 613.042 JAYp2207r2024-03-31w2024-03-31yL c3001d3001